[Event "Tuimazy Cup Tuimazy-A op"]
[Site "Tuimazy"]
[Date "2016.09.18"]
[Round "4"]
[White "Khailatypov, Ruzil"]
[Black "Baiburin, Ildar"]
[Result "0-1"]
[WhiteElo "1781"]
[BlackElo "1950"]
[PlyCount "72"]
[EventDate "2016.09.17"]
[EventType "tourn"]
[EventRounds "7"]
[EventCountry "RUS"]
[SourceTitle "EXT 2022"]
[Source "ChessBase"]
[SourceDate "2021.10.06"]
[SourceVersion "1"]
[SourceVersionDate "2021.10.06"]
[SourceQuality "1"]

1. e4 c5 2. Nf3 Nf6 3. Nc3 d5 4. e5 Nfd7 5. d4 e6 6. Bg5 Qb6 7. Na4 Qa5+ 8. c3 cxd4 9. Nxd4 Nxe5 10. Nb5 f6 11. Be3 Nbc6 12. f4 Nf7 13. Nb6 axb6 14. Nc7+ Kd7 15. Nxa8 Qxa8 16. Bxb6 Bd6 17. f5 Re8 18. Be2 Ke7 19. 0-0 Qb8 20. h3 Kf8 21. Bh5 Nce5 22. Bd4 exf5 23. Bf2 g6 24. Be2 Be6 25. Bd4 Ng5 26. g4 Nxh3+ 27. Kg2 Ng5 28. Bb5 Re7 29. Qc2 Ne4 30. gxf5 Bxf5 31. Qc1 Ng5 32. Be3 h6 33. Bxg5 hxg5 34. Qd1 Be4+ 35. Kh3 Qc8+ 36. Kg3 Nd3+ 0-1

[Event "Chishmy Cup 08 A"]
[Site "Chishmy"]
[Date "2016.08.11"]
[Round "8"]
[White "Baiburin, Ildar"]
[Black "Gafarov, Damir"]
[Result "0-1"]
[WhiteElo "1964"]
[BlackElo "1610"]
[PlyCount "122"]
[EventDate "2016.08.06"]
[EventType "tourn"]
[EventRounds "9"]
[EventCountry "RUS"]
[SourceTitle "EXT 2022"]
[Source "ChessBase"]
[SourceDate "2021.10.06"]
[SourceVersion "1"]
[SourceVersionDate "2021.10.06"]
[SourceQuality "1"]

1. d4 Nf6 2. Nf3 g6 3. Bf4 Bg7 4. e3 0-0 5. h3 d5 6. Bd3 c5 7. c3 Qb6 8. Qb3 c4 9. Qxb6 axb6 10. Bc2 Nc6 11. Nbd2 b5 12. 0-0 Nd7 13. e4 dxe4 14. Bxe4 Nb6 15. b3 Be6 16. bxc4 bxc4 17. Rfb1 Nd5 18. Bxd5 Bxd5 19. Rb5 e6 20. a4 Ra7 21. a5 Rfa8 22. Bc7 Bf6 23. Bb6 Ra6 24. Nf1 Bd8 25. Bxd8 Nxd8 26. Ne5 b6 27. Ne3 Rxa5 28. Raxa5 Rxa5 29. Rxb6 Kg7 30. N5xc4 Ra1+ 31. Kh2 Rc1 32. Rb3 Nc6 33. Nxd5 exd5 34. Ne3 Ne7 35. Kg3 f5 36. Kf3 g5 37. g3 h6 38. Rb7 Kf6 39. Rb6+ Kg7 40. Rb5 Rxc3 41. Rc5 Rxc5 42. dxc5 Kf6 43. g4 f4 44. Nf5 Nxf5 45. gxf5 Kxf5 46. Ke2 Ke5 47. Kd3 h5 48. f3 h4 49. c6 Kd6 50. Kd4 Kxc6 51. Ke5 Kc5 52. Kf5 d4 53. Kxg5 d3 54. Kxh4 d2 55. Kg4 d1Q 56. Kxf4 Kd5 57. h4 Qd4+ 58. Kg5 Ke5 59. h5 Qd8+ 60. Kg6 Qg8+ 61. Kh6 Kf6 0-1

[Event "Ufa SFGU Cup tt"]
[Site "Ufa"]
[Date "2012.12.09"]
[Round "7"]
[White "Baiburin, Ildar"]
[Black "Khuzin, Dinislam"]
[Result "1/2-1/2"]
[WhiteElo "2003"]
[BlackElo "1841"]
[PlyCount "53"]
[EventDate "2012.12.03"]
[EventType "team-swiss"]
[EventRounds "7"]
[EventCountry "RUS"]
[SourceTitle "CBM 152 Extra"]
[Source "ChessBase"]
[SourceDate "2013.02.25"]
[SourceVersion "1"]
[SourceVersionDate "2013.02.25"]
[SourceQuality "1"]

1. e4 d6 2. d4 Nf6 3. Nc3 e5 4. dxe5 dxe5 5. Qxd8+ Kxd8 6. Nf3 Bd6 7. Be3 Be6 8. 0-0-0 Ke7 9. h3 c6 10. Ng5 b5 11. Be2 Nbd7 12. g3 Bc5 13. Bxc5+ Nxc5 14. Nxe6 fxe6 15. f3 g5 16. Kd2 h5 17. Ke3 h4 18. g4 a5 19. Rd2 Rhd8 20. Rhd1 Rxd2 21. Rxd2 Nh7 22. Nd1 Nf8 23. Nf2 Ng6 24. Nd3 Nxd3 25. Bxd3 Nf4 26. Bf1 Rb8 27. a3 1/2-1/2

[Event "Ufa SFGU Cup tt"]
[Site "Ufa"]
[Date "2012.12.07"]
[Round "5"]
[White "Tavragov, Rustem"]
[Black "Baiburin, Ildar"]
[Result "0-1"]
[WhiteElo "1793"]
[BlackElo "2003"]
[PlyCount "88"]
[EventDate "2012.12.03"]
[EventType "team-swiss"]
[EventRounds "7"]
[EventCountry "RUS"]
[SourceTitle "CBM 152 Extra"]
[Source "ChessBase"]
[SourceDate "2013.02.25"]
[SourceVersion "1"]
[SourceVersionDate "2013.02.25"]
[SourceQuality "1"]

1. e4 c5 2. Nf3 Nf6 3. Nc3 d5 4. exd5 Nxd5 5. Bc4 e6 6. 0-0 Be7 7. Re1 0-0 8. Bxd5 exd5 9. Nxd5 Qxd5 10. Rxe7 Be6 11. c4 Qxc4 12. Rxb7 Qa6 13. Rb3 Bxb3 14. Qxb3 c4 15. Qc2 Re8 16. b3 cxb3 17. Qxb3 Qb6 18. Bb2 Qxb3 19. axb3 Nc6 20. Nd4 Nb4 21. Kf1 Nd3 22. Bc3 Rab8 23. g3 Rb7 24. Nf3 h6 25. Rb1 g6 26. Bd4 Re6 27. Be3 Kh7 28. Nd4 Ra6 29. Ke2 Ne5 30. h3 Nc4 31. Kd3 Nxe3 32. fxe3 Rf6 33. Ke2 Kg7 34. e4 Rb4 35. Ke3 Rfb6 36. e5 Kf8 37. Kd3 a5 38. Ra1 Rb7 39. e6 fxe6 40. Nxe6+ Ke7 41. Nc5 R7b5 42. Rc1 Kd6 43. Ne4+ Ke5 44. Re1 Rd4+ 0-1

[Event "Ufa Siamidi Memorial"]
[Site "Ufa"]
[Date "2011.10.24"]
[Round "9.12"]
[White "Akhmetov, Artur"]
[Black "Baiburin, Ildar"]
[Result "0-1"]
[WhiteElo "1958"]
[BlackElo "2003"]
[PlyCount "84"]
[EventDate "2011.10.16"]
[EventType "swiss"]
[EventRounds "9"]
[EventCountry "RUS"]
[SourceTitle "EXT 2012"]
[Source "ChessBase"]
[SourceDate "2011.11.24"]
[SourceVersion "1"]
[SourceVersionDate "2011.11.24"]
[SourceQuality "1"]

1. d4 d5 2. c4 e6 3. Nc3 c5 4. cxd5 cxd4 5. Qxd4 Nc6 6. Qd1 exd5 7. e3 Nf6 8. Nf3 Bg4 9. Be2 Be7 10. 0-0 0-0 11. Nd4 Bxe2 12. Qxe2 Nxd4 13. exd4 Re8 14. Qb5 Qd6 15. Qd3 a6 16. a3 b5 17. Bd2 Nd7 18. Nd1 Nb6 19. Bb4 Qf6 20. Bxe7 Rxe7 21. Ne3 Rd8 22. b3 Rc7 23. Rac1 Rdc8 24. Rxc7 Rxc7 25. Re1 g6 26. g3 Qd6 27. b4 Qc6 28. Ng4 h5 29. Ne5 Qc3 30. Re3 Qc1+ 31. Qf1 Qb2 32. Nf3 Rc1 33. Re1 Rc3 34. Ng5 Rxa3 35. Nxf7 Kxf7 36. Qh3 Rf3 37. Qe6+ Kg7 38. Qe5+ Rf6 39. Re2 Qb1+ 40. Kg2 Qf5 41. Qc7+ Rf7 42. Qxb6 Qf3+ 0-1

[Event "Sterlitamak op"]
[Site "Sterlitamak"]
[Date "2011.06.29"]
[Round "3"]
[White "Baiburin, Ildar"]
[Black "Tagirov, Kajum K"]
[Result "1/2-1/2"]
[WhiteElo "2065"]
[BlackElo "1901"]
[PlyCount "31"]
[EventDate "2011.06.27"]
[EventType "swiss"]
[EventRounds "9"]
[EventCountry "RUS"]
[SourceTitle "EXT 2012"]
[Source "ChessBase"]
[SourceDate "2011.11.24"]
[SourceVersion "1"]
[SourceVersionDate "2011.11.24"]
[SourceQuality "1"]

1. e4 c5 2. Nf3 d6 3. d4 cxd4 4. Nxd4 Nf6 5. Nc3 g6 6. Be3 Bg7 7. f3 0-0 8. Qd2 Nc6 9. 0-0-0 d5 10. exd5 Nxd5 11. Nxd5 Qxd5 12. Nxc6 Qxc6 13. Qb4 Bf5 14. Bd3 Qe6 15. Bc5 Qxa2 16. Bxf5 1/2-1/2

[Event "Ufa Siamidi Memorial op"]
[Site "Ufa"]
[Date "2010.10.21"]
[Round "4"]
[White "Baiburin, Ildar"]
[Black "Galiakhmedov, Albert"]
[Result "1-0"]
[WhiteElo "2065"]
[BlackElo "1861"]
[PlyCount "63"]
[EventDate "2010.10.18"]
[EventType "swiss"]
[EventRounds "9"]
[EventCountry "RUS"]
[SourceTitle "EXT 2011"]
[Source "ChessBase"]
[SourceDate "2010.11.26"]
[SourceVersion "1"]
[SourceVersionDate "2010.11.26"]
[SourceQuality "1"]

1. e4 e5 2. Nf3 Nc6 3. Bc4 Bc5 4. c3 Nf6 5. d4 exd4 6. cxd4 Bb4+ 7. Nc3 Nxe4 8. 0-0 Bxc3 9. d5 0-0 10. bxc3 Ne7 11. Qd4 Nd6 12. Bd3 Ng6 13. c4 b6 14. Bb2 f6 15. Rfe1 Nf7 16. Nh4 Nfe5 17. Nxg6 Nxg6 18. d6 Bb7 19. Bf5 Rf7 20. Rad1 Bc6 21. Qg4 Nf8 22. Re3 cxd6 23. Rxd6 Kh8 24. h4 Re7 25. Rg3 Ng6 26. Qh5 Nf8 27. Kh2 Qe8 28. Qg4 Qf7 29. h5 h6 30. Rxf6 Qg8 31. Rxh6+ Nh7 32. Rxh7+ 1-0

[Event "Ufa Dautov Memorial op"]
[Site "Ufa"]
[Date "2010.04.07"]
[Round "5"]
[White "Baiburin, Ildar"]
[Black "Valiullin, Albert"]
[Result "1-0"]
[WhiteElo "2012"]
[BlackElo "1929"]
[PlyCount "81"]
[EventDate "2010.04.03"]
[EventType "swiss"]
[EventRounds "9"]
[EventCountry "RUS"]
[SourceTitle "CBM 135 Extra"]
[Source "ChessBase"]
[SourceDate "2010.05.04"]
[SourceVersion "1"]
[SourceVersionDate "2010.05.04"]
[SourceQuality "1"]

1. e4 c5 2. Nf3 Nc6 3. d4 cxd4 4. Nxd4 Nf6 5. Nc3 e5 6. Ndb5 d6 7. Bg5 a6 8. Bxf6 gxf6 9. Na3 b5 10. Nd5 f5 11. exf5 Bxf5 12. Bd3 Bxd3 13. Qxd3 Bg7 14. 0-0 0-0 15. c3 f5 16. Rad1 e4 17. Qd2 Qh4 18. g3 Qh3 19. Nf4 Qg4 20. Qd5+ Kh8 21. Qxc6 Be5 22. Ng2 Qh3 23. f4 Rac8 24. Qd5 Bg7 25. Ne3 Rcd8 26. Qd2 Qh5 27. Nac2 Qg6 28. Nd4 h5 29. Qg2 Rf7 30. Rd2 Rg8 31. Qh3 Rgf8 32. Rfd1 Bh6 33. Kf2 Kg8 34. Nexf5 Rxf5 35. Nxf5 Rxf5 36. Rxd6 Rf6 37. Rxf6 Qxf6 38. Qc8+ Bf8 39. Rd8 e3+ 40. Ke2 Qf7 41. Rxf8+ 1-0